000 006160000a22002050004500
001 001523
005 20250617114243.0
008 130524t xxu||||| |||| 00| 0 eng d
020 _a0879678135
082 _a301 CRA
090 _c1523
_d1523
100 _aCrapo, Richard H.
_920709
245 _aCultural anthropology:
_bunderstanding ourselves and others /
_cRichard H. Crapo
250 _a2nd ed.
260 _aGuilford :
_c1990
_bDushkin Publishers
300 _axviii, 396 p. :
_bill. ;
_c27 cm.
500 _aIncludes bibliographical references and index
650 _aSociology
_9232
942 _cBOOK
_2ddc
999 _c1523
_d1523